000 00879cam a2200241 4500
001 WB3733-16
008 010905n2001 000 0 eng u
035 _a(Sirsi) u114442
245 _aGovernment aid attracts £3.4bn investment
260 _c2001
490 _aDTI News Release
_v(P/2001/462) 4 September 2001 (5)
520 _aNew report "Industrial development act annual report" shows government aid offered to businesses in Britain in 2000/1 will help create 40,000 new jobs and safeguard a further 20,000. Outlines flagship projects benefiting from government assistance over the past year. Table.
590 _aWB
650 _aDTI
650 _aGOVERNMENT AID
650 _aREGIONAL SELECTIVE ASSISTANCE
650 _aGRANTS
650 _aBUSINESS INVESTMENT
650 _aJOB SECURITY
650 _aPRODUCTIVITY
690 _aINVESTMENT
942 _n0
999 _c68166
_d68166